000 01613cam a2200337 a 4500
001 15206481
003 OSt
005 20240926111735.0
008 080305s2007 caua 001 0 eng d
010 _a 2008297415
020 _a9781403144157
020 _a140314415X
035 _a(OCoLC)ocn187032880
040 _aCLZ
_cDDC
_dDPL
_dYBM
_dDLC
042 _alccopycat
050 0 0 _aBP605.S2
_bH8353 2007
082 0 4 _a299.936 HUB 2007
100 1 _aEdited by Hubbard, L. Ron
_913943
245 1 0 _aScientology 8-80 :
_bthe discovery and increase of life energy in the genus Homo sapiens
246 3 _aScientology eight-eighty
250 _a[New ed.].
260 _aLos Angeles, Calif. :
_bBridge Publications, Inc.,
_c2007
300 _a199 p. :
_bill. ;
_c25 cm.
500 _a"A Hubbard publication".
504 _aIncludes; index
505 0 _a1: July 1952 -- The auditor's code -- Life as a mirror -- Facsimiles -- Wavelengths -- Black and white -- Running black and white -- Black and white aesthetics -- Concept running -- Bodies -- Patterns of attention: wave flows -- An auditing formula -- 2: August 1952 -- The dichotomies -- Self-determinism--other-determinism -- Emotional concepts and brackets -- Preclears and bodies -- The sub-zero tone scale -- The manifestations of energy -- 3: September 1952 -- Phenomena of the Thetan -- Summary of technique 8-80: running the Thetan.
650 0 _aScientology.
_914686
906 _a7
_bcbc
_ccopycat
_d2
_encip
_f20
_gy-gencatlg
942 _2ddc
_cO_SHELF
999 _c7132
_d7132